Reprints from the Bulletin of the American Mathematical Society

Uloženo v:
Podrobná bibliografie
Hlavní autor: Browder, Felix E (Autor)
Médium: Kniha
Jazyk:angličtina
Vydáno: Providence American Mathematical Society 1992
Témata:
Tagy: Přidat tag
Žádné tagy, Buďte první, kdo vytvoří štítek k tomuto záznamu!

MARC

LEADER 00000nam a2200000 a 4500
001 UCU9431
003 CL-VaPUC
008 960816e19920000US |||||||||||||||||eng|d
082 0 4 |a 514.74  |b BRO  |2 21 
100 0 |a Browder, Felix E  |e author  |9 368560 
245 1 0 |a Reprints from the Bulletin of the American Mathematical Society 
300 |a v 
942 |c BK 
945 |d 19960816 00:00:00  |a rleighto 
260 |a Providence  |b American Mathematical Society  |c 1992 
650 0 |a Matemática  |9 260235 
650 0 |a Análisis matemático   |9 260146 
650 0 |a Teoría de números  |9 265327 
583 |a last modification  |c 20130422 12:21:34  |k Rodrigo Vera 
999 |c 251172  |d 251170 
952 |0 0  |1 0  |4 0  |6 514_740000000000000_BRO_1992  |7 0  |8 A  |9 270161  |a BIBMAT  |b BIBMAT  |d 2019-11-19  |i 3220591  |o 514.74 BRO 1992  |p 3220591  |r 2025-01-07  |w 2019-11-19  |y BK  |k MAT